Thành hoàng Việt Nam
Đã lưu trong:
| Tác giả chính: | |
|---|---|
| Định dạng: | Sách |
| Năm xuất bản: |
H.
Văn hóa thông tin
1997
|
| Chủ đề: | |
| Tags: |
Thêm thẻ
Không có thẻ, Hãy là người đầu tiên gắn thẻ bản ghi này!
|
| LEADER | 00778nam a2200193 4500 | ||
|---|---|---|---|
| 082 | |a 203.509597 |b PH104M | ||
| 100 | |a Phạm Minh Thảo | ||
| 245 | |a Thành hoàng Việt Nam |c Phạm Minh Thảo, Trần Thị An, Bùi Xuân Mỹ | ||
| 260 | |a H. |b Văn hóa thông tin |c 1997 | ||
| 300 | |a 625tr. |c 21cm | ||
| 520 | |a | ||
| 653 | |a Tôn giáo | ||
| 653 | |a Đền thờ | ||
| 653 | |a Thành Hoàng | ||
| 653 | |a Việt Nam | ||
| 942 | |2 ddc |c STK0 | ||
| 999 | |c 2195 |d 2195 | ||
| 952 | |0 0 |1 0 |2 ddc |4 0 |6 203_509597000000000_PH104M |7 0 |8 200 |9 30394 |a qbu |b qbu |c D2 |d 2014-12-12 |g 55000 |o 203.509597 PH104M |p 4195.C1 |r 0000-00-00 |w 2014-12-12 |y STK0 | ||
| 952 | |0 0 |1 0 |2 ddc |4 0 |6 203_509597000000000_PH104M |7 0 |8 200 |9 30395 |a qbu |b qbu |c D2 |d 2014-12-12 |g 55000 |o 203.509597 PH104M |p 4195.C2 |r 0000-00-00 |w 2014-12-12 |y STK0 | ||